[Event "Olimpiade 2014 - Open"]
[Site "Tromsø"]
[Date "12.08.2014"]
[Round "10.35"]
[Board "3"]
[White "Balogun, Oluwafemi"]
[Black "Ashiku, Franc"]
[Result "1/2-1/2"]
[WhiteTitle "CM"]
[WhiteElo "2187"]
[BlackElo "2284"]
[WhiteTeam "Nigeria"]
[BlackTeam "Albania"]
[WhiteFideId "8501246"]
[BlackFideId "4700066"]
[EventDate "2014.08.02"]

1. Nf3 d5 2. g3 Nf6 3. Bg2 c6 4. d3 Bg4 5. O-O Nbd7 6. Nbd2 e5 7. e4 dxe4 8.
dxe4 Be7 9. h3 Bh5 10. Qe1 O-O 11. a4 Qc7 12. Nh4 Rfe8 13. Nc4 Nc5 14. b4 Ne6
15. Nf5 Bf8 16. Bb2 Nd7 17. c3 Nb6 18. Nfe3 f6 19. a5 Nxc4 20. Nxc4 Ng5 21. f3
Rad8 22. h4 Ne6 23. Qe2 Rd7 24. Rad1 Red8 25. Rxd7 Qxd7 26. Re1 c5 27. Ne3 cxb4
28. Rd1 Qc8 29. Rxd8 Qxd8 30. cxb4 Bxb4 31. Qc4 Bc5 32. Bc1 Bf7 33. Qc3 Bd4 34.
Qa3 Bc5 35. Qc3 Qd4 36. Qc2 Nf4 37. Bf1 g6 38. Kh2 h5 39. Bc4 Bxc4 40. Qxc4+
Qxc4 41. Nxc4 Nd3 42. Bd2 Kf7 43. Kg2 Ke6 44. Kf1 Bd4 45. Ke2 Nc5 46. Bb4 Na6
47. Be1 b6 48. axb6 axb6 49. Na3 f5 50. Nb5 Nc5 51. Bc3 Bxc3 52. Nxc3 fxe4 53.
fxe4 Kd6 54. Ke3 Ne6 55. Kd3 Nc7 56. Kc4 Kc6 57. Kb4 Na6+ 58. Kc4 Nc5 59. Kb4 b5
60. Nd5 Nxe4 61. Ne7+ Kd6 62. Nxg6 Nxg3 63. Kxb5 Ke6 64. Kc4 Kf5 65. Ne7+ Kg4
66. Ng6 Kf5 67. Ne7+ Ke6 68. Ng6 Nf5 69. Kd3 Kf6 70. Nf8 Nxh4 71. Ke4 Ng6 72.
Nh7+ Kf7 73. Kf5 h4 74. Ng5+ Kg7 75. Nf3 h3 76. Nh2 Kf7 77. Kg4 Nf4 78. Kf5 Ng6
79. Kg4 Nf4 80. Kf5 Ng2 81. Kxe5 Kg6 82. Ke4 Kg5 83. Kf3 Kh4 84. Kf2 Nf4 85.
Nf3+ Kg4 86. Nh2+ Kf5 87. Kf3 Ne6 88. Kg3 Ng5 89. Nf3 h2 90. Nxh2 Nh3 91. Kxh3 1/2-1/2

[Event "Olimpiade 2014 - Open"]
[Site "Tromsø"]
[Date "12.08.2014"]
[Round "10.35"]
[Board "4"]
[White "Seitaj, Ilir"]
[Black "Akinseye, Abiola"]
[Result "1-0"]
[WhiteTitle "IM"]
[WhiteElo "2382"]
[BlackElo "2156"]
[WhiteTeam "Albania"]
[BlackTeam "Nigeria"]
[WhiteFideId "4700031"]
[BlackFideId "8503010"]
[EventDate "2014.08.02"]

1. e4 e5 2. Nf3 Nc6 3. Bb5 a6 4. Bxc6 dxc6 5. O-O Be6 6. Nc3 Qd6 7. d4 exd4 8.
e5 Qd7 9. Qxd4 Ne7 10. Bf4 Ng6 11. Bg3 Qxd4 12. Nxd4 h5 13. h3 h4 14. Bh2 Bc5
15. Nxe6 fxe6 16. Rad1 b5 17. Ne4 Bb6 18. Ng5 Ke7 19. Rd3 Rad8 20. Rfd1 Rd5 21.
Kf1 Rhd8 22. Nf3 Rxd3 23. Rxd3 Rd5 24. Ke2 Rc5 25. c3 Rd5 26. Ne1 a5 27. f4 Rc5
28. b3 Rd5 29. c4 Rd7 30. Rxd7+ Kxd7 31. Nd3 Bd4 32. Ne1 Ne7 33. Nf3 Nf5 34.
Nxd4 Nxd4+ 35. Kd3 Nf5 36. Bg1 Kc8 37. Bf2 Kb7 38. Ke4 a4 39. Kf3 axb3 40. axb3
bxc4 41. bxc4 Ka6 42. Kg4 Ka5 43. Bxh4 Kb4 44. Bf2 Kxc4 45. Kg5 Ne7 46. g4 Kd5
47. h4 Ke4 48. h5 Kd5 49. Be3 c5 50. Bxc5 Kxc5 51. f5 exf5 52. gxf5 Nxf5 53.
Kxf5 Kd5 54. e6 Kd6 55. h6 gxh6 56. Kf6 1-0

[Event "Olimpiade 2014 - Open"]
[Site "Tromsø"]
[Date "12.08.2014"]
[Round "10.36"]
[Board "1"]
[White "Baburin, Alexander"]
[Black "Chumfwa, Stanley"]
[Result "0-1"]
[WhiteTitle "GM"]
[BlackTitle "IM"]
[WhiteElo "2502"]
[BlackElo "2317"]
[WhiteTeam "Ireland"]
[BlackTeam "Zambia"]
[WhiteFideId "2500914"]
[BlackFideId "8700117"]
[EventDate "2014.08.02"]

1. d4 Nf6 2. c4 e6 3. Nf3 b6 4. e3 Bb4+ 5. Nbd2 Bb7 6. Bd3 O-O 7. O-O d5 8. a3
Bxd2 9. Bxd2 dxc4 10. Bxc4 Nbd7 11. Qe2 c5 12. Rfd1 Qe7 13. Be1 Rfd8 14. Rac1
Rac8 15. dxc5 Bxf3 16. gxf3 Qxc5 17. Rc3 Qh5 18. f4 Qg6+ 19. Kh1 e5 20. Bd3 e4
21. Ba6 Rb8 22. Rc7 Qf5 23. Bc4 Qh3 24. f3 exf3 25. Qf1 Qxf1+ 26. Bxf1 Nc5 27.
Rxd8+ Rxd8 28. Bh4 Nce4 29. Kg1 h6 30. Bxf6 gxf6 31. Rc1 Rd2 32. Bh3 Rxb2 33.
Rf1 Nd2 34. Rc1 f2+ 35. Kh1 Rb3 36. Rd1 Rxe3 37. Rxd2 Rxh3 38. Rxf2 Rxa3 39. Rb2
Kf8 40. Kg2 Ke7 41. Rb5 Ra5 42. Rb2 Ke6 43. Kg3 Kf5 44. Kh4 Kg6 45. Rg2+ Kh7 46.
Rd2 b5 47. Rd5 a6 48. Kg4 Ra2 49. Kf5 Kg7 50. Rd1 Re2 51. Rg1+ Kf8 52. Kxf6 Re6+
53. Kf5 b4 54. Rc1 Rb6 0-1

[Event "Olimpiade 2014 - Open"]
[Site "Tromsø"]
[Date "12.08.2014"]
[Round "10.36"]
[Board "2"]
[White "Jere, Daniel"]
[Black "Collins, Sam E."]
[Result "1/2-1/2"]
[WhiteTitle "IM"]
[BlackTitle "IM"]
[WhiteElo "2405"]
[BlackElo "2495"]
[WhiteTeam "Zambia"]
[BlackTeam "Ireland"]
[WhiteFideId "8700249"]
[BlackFideId "2501198"]
[EventDate "2014.08.02"]

1. c4 e6 2. g3 d5 3. Bg2 Nf6 4. Nf3 c5 5. O-O Nc6 6. cxd5 exd5 7. d4 Be7 8. dxc5
Bxc5 9. Bg5 O-O 10. Nc3 d4 11. Bxf6 Qxf6 12. Nd5 Qd8 13. Nd2 Re8 14. Nb3 Bf8 15.
Nxd4 Nxd4 16. Qxd4 Rxe2 17. Rfe1 Rxe1+ 18. Rxe1 Be6 19. Rd1 Qa5 20. b4 Qxa2 21.
Nc7 Rc8 22. Nxe6 Qxe6 23. Bxb7 Rc4 24. Qxa7 Rxb4 25. Bd5 Qe7 26. Qxe7 Bxe7 27.
Rc1 Rb8 28. Rc7 Kf8 29. Kg2 Rd8 30. Bc4 Rd4 31. Bb3 g6 32. Rb7 Rb4 33. Rxb4 Bxb4 1/2-1/2

[Event "Olimpiade 2014 - Open"]
[Site "Tromsø"]
[Date "12.08.2014"]
[Round "10.36"]
[Board "3"]
[White "Heidenfeld, Mark"]
[Black "Mwali, Chitumbo"]
[Result "1-0"]
[WhiteTitle "IM"]
[BlackTitle "IM"]
[WhiteElo "2382"]
[BlackElo "2250"]
[WhiteTeam "Ireland"]
[BlackTeam "Zambia"]
[WhiteFideId "2500990"]
[BlackFideId "8700265"]
[EventDate "2014.08.02"]

1. e4 e5 2. Nf3 Nc6 3. Bb5 a6 4. Bxc6 dxc6 5. O-O Qd6 6. d3 f6 7. Nbd2 Be6 8.
Qe2 c5 9. Nc4 Qd7 10. Be3 Bd6 11. c3 Ne7 12. d4 cxd4 13. cxd4 exd4 14. Nxd4 Nc6
15. Rfd1 Bxc4 16. Qxc4 Nxd4 17. Rxd4 Qf7 18. Qa4+ b5 19. Qc2 O-O 20. Rd5 Rfe8
21. Bc5 Bxc5 22. Rxc5 Re7 23. a4 b4 24. Rd1 b3 25. Qd3 Qe6 26. f3 Rb8 27. Kf1 h6
28. Qc3 Rd7 29. Rxd7 Qxd7 30. Qc4+ Kh8 31. Rd5 Qc8 32. a5 c6 33. Rd6 Qc7 34.
Rxc6 Qxh2 35. Qxa6 Qh1+ 36. Kf2 Qb1 37. Qe2 Qa2 38. a6 Rd8 39. e5 Qa5 40. Kg3
fxe5 41. Re6 e4 42. Qxe4 Qg5+ 43. Kf2 Qc5+ 44. Qe3 Qc2+ 45. Kg3 Rg8 46. Qe5 Qc1
47. a7 1-0

[Event "Olimpiade 2014 - Open"]
[Site "Tromsø"]
[Date "12.08.2014"]
[Round "10.36"]
[Board "4"]
[White "Phiri, Richmond"]
[Black "Daly, Colm"]
[Result "1/2-1/2"]
[WhiteTitle "FM"]
[BlackTitle "FM"]
[WhiteElo "2121"]
[BlackElo "2323"]
[WhiteTeam "Zambia"]
[BlackTeam "Ireland"]
[WhiteFideId "8700443"]
[BlackFideId "2500434"]
[EventDate "2014.08.02"]

1. d4 Nf6 2. c4 e6 3. Nf3 Bb4+ 4. Bd2 Qe7 5. Nc3 b6 6. e3 Bb7 7. Bd3 O-O 8. O-O
d5 9. cxd5 exd5 10. Ne5 Bd6 11. f4 Ne4 12. Nxe4 dxe4 13. Bc4 Nd7 14. Qa4 Nf6 15.
Be1 a6 16. Qc2 b5 17. Bb3 c5 18. Qe2 Nd5 19. Rd1 c4 20. Bc2 f5 21. a3 Rac8 22.
a4 Ra8 23. Bb1 Nb6 24. Ba2 Bd5 25. a5 Na4 26. Rb1 Qe6 27. Qd1 Rac8 28. Rf2 Rc7
29. b3 cxb3 30. Bxb3 Bxb3 31. Qxb3 Qxb3 32. Rxb3 Rc1 33. Rf1 Rfc8 34. Bb4 Rxf1+
35. Kxf1 Bxb4 36. Rxb4 Rc2 37. Nd7 Nc3 38. Nb8 Nd5 39. Rb3 Ra2 40. Nxa6 Rxa5 41.
Nb4 Nxb4 42. Rxb4 Kf7 43. h3 Ke6 44. g4 g6 45. gxf5+ gxf5 46. Ke1 Kd6 47. Kd1
Kc6 48. Kc2 Ra7 49. Rb3 Kb6 50. Rc3 Ra2+ 51. Kb3 Re2 52. Kb4 Rb2+ 53. Rb3 Rh2
54. Rc3 Rh1 55. h4 h5 56. Rc5 Rb1+ 57. Ka3 Ka5 58. Rxf5 Re1 59. Rxh5 Rxe3+ 60.
Kb2 Re2+ 61. Kc1 Ka4 62. d5 e3 63. d6 Re1+ 64. Kb2 Rd1 65. Re5 b4 66. Rxe3 Rd2+
67. Kb1 Rxd6 68. f5 Rd1+ 69. Kb2 Rf1 70. Re2 Rxf5 71. Rh2 Rh5 72. Rh1 Kb5 73.
Kb3 Rf5 74. Rh3 Rh5 75. Rh1 Rf5 76. Rh3 1/2-1/2

[Event "Olimpiade 2014 - Open"]
[Site "Tromsø"]
[Date "12.08.2014"]
[Round "10.37"]
[Board "1"]
[White "Kawuma, Patrick"]
[Black "Papaioannou, Ioannis"]
[Result "0-1"]
[WhiteTitle "CM"]
[BlackTitle "GM"]
[WhiteElo "2261"]
[BlackElo "2641"]
[WhiteTeam "Uganda"]
[BlackTeam "Greece"]
[WhiteFideId "10000127"]
[BlackFideId "4201345"]
[EventDate "2014.08.02"]

1. c4 b6 2. Nf3 Bb7 3. Nc3 e6 4. g3 Bxf3 5. exf3 c5 6. d4 cxd4 7. Qxd4 Nc6 8.
Qd2 Rc8 9. Be2 Nf6 10. O-O Bb4 11. a3 Be7 12. b3 O-O 13. Bb2 Na5 14. Bd1 d5 15.
cxd5 Nxd5 16. Ne4 f5 17. Nc3 Nxc3 18. Bxc3 Bf6 19. Qxd8 Rfxd8 20. Bxf6 gxf6 21.
b4 Nc6 22. f4 Nd4 23. Bh5 Kg7 24. Rfc1 e5 25. fxe5 fxe5 26. Bd1 Kf6 27. Kf1 e4
28. Ke1 f4 29. gxf4 Kf5 30. a4 Kxf4 31. a5 b5 32. h3 Rg8 33. Bg4 Rc4 34. Rxc4
bxc4 35. Rc1 h5 36. Be2 Nf3+ 37. Bxf3 Rg1+ 38. Kd2 Rxc1 39. Bxe4 Rf1 40. Bd5
Rxf2+ 41. Kc3 Ke5 42. Kxc4 Rc2+ 43. Kd3 Rh2 44. Bf3 Rxh3 45. Ke3 h4 46. b5 Rh2
47. b6 axb6 48. axb6 Rb2 49. b7 h3 50. Bh1 h2 51. Bc6 Kd6 52. Bg2 Kc7 53. Kf3
Rb1 0-1

[Event "Olimpiade 2014 - Open"]
[Site "Tromsø"]
[Date "12.08.2014"]
[Round "10.37"]
[Board "2"]
[White "Mastrovasilis, Dimitrios"]
[Black "Ssegwanyi, Arthur"]
[Result "1-0"]
[WhiteTitle "GM"]
[WhiteElo "2608"]
[BlackElo "2299"]
[WhiteTeam "Greece"]
[BlackTeam "Uganda"]
[WhiteFideId "4202694"]
[BlackFideId "10000100"]
[EventDate "2014.08.02"]

1. e4 e6 2. d4 d5 3. Nc3 Bb4 4. e5 Qd7 5. Bd2 b6 6. Qg4 Bf8 7. Bb5 c6 8. Ba4 a5
9. a3 Ba6 10. Nce2 Ne7 11. Nh3 Bc4 12. c3 Bd3 13. Ng3 b5 14. Bd1 a4 15. Nf4 Bc4
16. Nfh5 Ng6 17. f4 Bd3 18. Qf3 Bc4 19. f5 c5 20. fxg6 hxg6 21. Nf4 Nc6 22. Nfe2
Rh4 23. Be3 Be7 24. O-O f5 25. exf6 gxf6 26. Bc2 f5 27. Rfe1 e5 28. Nxf5 gxf5
29. Bxf5 Qd6 30. Qg3 Rh8 31. dxe5 Qxe5 32. Qg6+ Kd8 33. Nf4 Qf6 34. Ne6+ 1-0

[Event "Olimpiade 2014 - Open"]
[Site "Tromsø"]
[Date "12.08.2014"]
[Round "10.37"]
[Board "3"]
[White "Wanyama, Harold"]
[Black "Halkias, Stelios"]
[Result "0-1"]
[WhiteTitle "FM"]
[BlackTitle "GM"]
[WhiteElo "2244"]
[BlackElo "2544"]
[WhiteTeam "Uganda"]
[BlackTeam "Greece"]
[WhiteFideId "10000380"]
[BlackFideId "4201809"]
[EventDate "2014.08.02"]

1. e4 e5 2. Nf3 Nc6 3. Bb5 a6 4. Ba4 Nf6 5. O-O Be7 6. d3 d6 7. c3 O-O 8. h3 b5
9. Bc2 Bb7 10. Re1 Re8 11. Nbd2 Bf8 12. Nf1 Nb8 13. g4 d5 14. Ng3 c5 15. Qe2 Nc6
16. g5 dxe4 17. dxe4 Nd7 18. Be3 Qc7 19. Rad1 Nd8 20. Nh4 Ne6 21. Qg4 Rad8 22.
Nhf5 g6 23. Nh6+ Bxh6 24. gxh6 c4 25. Nh5 Kh8 26. Bg5 gxh5 27. Rxd7 hxg4 28.
Rxc7 Nxg5 29. Rd1 Bc8 30. hxg4 Bxg4 31. Rxd8 Rxd8 32. Ra7 Nf3+ 33. Kf1 Rg8 34.
Rxf7 Bh5 35. Rg7 Rxg7 36. hxg7+ Kxg7 37. b3 b4 38. cxb4 Nd4 39. bxc4 Nxc2 40. b5
axb5 41. cxb5 Nd4 42. b6 Be2+ 43. Ke1 Ba6 44. Kd2 h5 45. Ke3 h4 46. f4 h3 0-1

[Event "Olimpiade 2014 - Open"]
[Site "Tromsø"]
[Date "12.08.2014"]
[Round "10.37"]
[Board "4"]
[White "Mastrovasilis, Athanasios"]
[Black "Ssonko, Mathias Allan"]
[Result "1-0"]
[WhiteTitle "GM"]
[WhiteElo "2526"]
[BlackElo "2138"]
[WhiteTeam "Greece"]
[BlackTeam "Uganda"]
[WhiteFideId "4201990"]
[BlackFideId "10001301"]
[EventDate "2014.08.02"]

1. Nf3 Nf6 2. d4 c5 3. e3 cxd4 4. exd4 g6 5. Bd3 Bg7 6. O-O O-O 7. Re1 b6 8. c3
Bb7 9. a4 d6 10. Bg5 Nbd7 11. Nbd2 h6 12. Bh4 Re8 13. Nc4 Nf8 14. h3 Rc8 15. Bg3
Nh5 16. Bh2 Ne6 17. Rxe6 fxe6 18. Ncd2 Rf8 19. Nh4 Nf4 20. Bxf4 Rxf4 21. Nxg6
Rf6 22. Qg4 Qd7 23. Re1 Rc7 24. Ne4 e5 25. Nxf6+ exf6 26. Bf5 Qxa4 27. Be6+ Kh7
28. Nf8+ 1-0

[Event "Olimpiade 2014 - Open"]
[Site "Tromsø"]
[Date "12.08.2014"]
[Round "10.38"]
[Board "1"]
[White "Bengherabi, Khalil"]
[Black "Ragger, Markus"]
[Result "0-1"]
[WhiteTitle "FM"]
[BlackTitle "GM"]
[WhiteElo "2170"]
[BlackElo "2644"]
[WhiteTeam "Algeria"]
[BlackTeam "Austria"]
[WhiteFideId "7900325"]
[BlackFideId "1610856"]
[EventDate "2014.08.02"]

1. e4 c6 2. Nf3 d5 3. Nc3 Nf6 4. e5 Ne4 5. d3 Nxc3 6. bxc3 c5 7. d4 Nc6 8. Be2
Bg4 9. O-O e6 10. h3 Bh5 11. Be3 Be7 12. Nh2 Bg6 13. Bd3 Rc8 14. a3 a6 15. f4
Qa5 16. g4 c4 17. Bxg6 hxg6 18. Rf3 Qxc3 19. f5 Qa5 20. Bd2 Qb6 21. c3 Nxe5 22.
Re3 Nd3 23. fxe6 fxe6 24. Rb1 Qd6 25. Qe2 O-O 26. Rxe6 Qg3+ 27. Qg2 Qxg2+ 28.
Kxg2 Rf2+ 29. Kg1 Bxa3 30. Be3 Rb2 31. Rf1 Re2 32. Rb1 Bc1 33. Nf1 Rf8 34. Rxb7
Re1 35. Bxc1 Rfxf1+ 36. Kh2 Rxe6 0-1

[Event "Olimpiade 2014 - Open"]
[Site "Tromsø"]
[Date "12.08.2014"]
[Round "10.38"]
[Board "2"]
[White "Shengelia, David"]
[Black "Belouadah, Saad"]
[Result "1-0"]
[WhiteTitle "GM"]
[BlackTitle "IM"]
[WhiteElo "2556"]
[BlackElo "2320"]
[WhiteTeam "Austria"]
[BlackTeam "Algeria"]
[WhiteFideId "13601270"]
[BlackFideId "7900856"]
[EventDate "2014.08.02"]

1. Nf3 d6 2. g3 g6 3. Bg2 Bg7 4. d4 Nd7 5. e4 e5 6. Nc3 Ne7 7. dxe5 dxe5 8. h4
h6 9. Be3 c6 10. Qd6 Nf8 11. Qxd8+ Kxd8 12. O-O-O+ Ke8 13. Nd2 b5 14. Nb3 Ne6
15. Rd6 a5 16. Rhd1 a4 17. Nc5 Nd4 18. f3 a3 19. b3 g5 20. Bf1 gxh4 21. Nxb5
cxb5 22. Bxb5+ Bd7 23. Bxd7+ Kf8 24. gxh4 Ng6 25. h5 Nf4 26. Bxf4 Ne2+ 27. Kd2
Nxf4 28. Bg4 Ke7 29. Rd7+ Kf6 30. Ke3 Rhf8 31. R7d6+ Ke7 32. Rd7+ Kf6 33. c4 Kg5
34. Rg1 Kf6 35. Rb7 Rfd8 36. Nd7+ Rxd7 37. Rxd7 Bf8 38. Rgd1 Bc5+ 39. Kd2 Rb8
40. Rc7 Bd4 41. c5 Rb5 42. Rc1 Ng2 43. Kd3 Rb4 44. Rc4 Nf4+ 45. Kd2 Rb8 46. c6
Ne6 47. Bxe6 Kxe6 48. Rd7 Rg8 49. Rdxd4 exd4 50. c7 Kd7 51. c8=Q+ Rxc8 52. Rxc8
Kxc8 53. Kd3 1-0

[Event "Olimpiade 2014 - Open"]
[Site "Tromsø"]
[Date "12.08.2014"]
[Round "10.38"]
[Board "3"]
[White "Seddaoui, Yamine"]
[Black "Kreisl, Robert"]
[Result "1/2-1/2"]
[BlackTitle "IM"]
[WhiteElo "2105"]
[BlackElo "2432"]
[WhiteTeam "Algeria"]
[BlackTeam "Austria"]
[WhiteFideId "7902026"]
[BlackFideId "1613880"]
[EventDate "2014.08.02"]

1. e4 c6 2. Nc3 d5 3. Nf3 Nf6 4. exd5 cxd5 5. d4 Nc6 6. Bb5 Bg4 7. h3 Bxf3 8.
Qxf3 e6 9. O-O Rc8 10. Re1 Be7 11. Ne2 a6 12. Bd3 Nb4 13. c3 Nxd3 14. Qxd3 O-O
15. Bg5 Ne4 16. Bxe7 Qxe7 17. Nf4 Qg5 18. Qe3 Nd6 19. Nd3 Qxe3 20. Rxe3 b6 21.
Re2 Rc7 22. f3 g6 23. Kf2 Kg7 24. Nf4 Rfc8 25. Nd3 h6 26. Kf1 h5 27. Kf2 h4 28.
Kf1 Nc4 29. Kf2 Nd6 30. Kf1 Nf5 31. Kf2 Ra8 32. Nf4 Kf6 33. Rae1 Rc6 34. Nd3 a5
35. Ne5 Rc7 36. Nd3 Rac8 37. a3 Ng3 38. Rd2 Nf5 39. Rde2 Nd6 40. Nf4 Nc4 41. Nd3
Nd6 42. Nf4 Nc4 43. Nd3 g5 44. Kg1 Rg8 45. Rf2 Ke7 46. Rfe2 Kf6 47. Rf2 Ke7 48.
Rfe2 Kf6 49. Rf2 1/2-1/2

[Event "Olimpiade 2014 - Open"]
[Site "Tromsø"]
[Date "12.08.2014"]
[Round "10.38"]
[Board "4"]
[White "Diermair, Andreas"]
[Black "Nassr, Ali"]
[Result "1-0"]
[WhiteTitle "IM"]
[BlackTitle "IM"]
[WhiteElo "2447"]
[BlackElo "2145"]
[WhiteTeam "Austria"]
[BlackTeam "Algeria"]
[WhiteFideId "1612468"]
[BlackFideId "7900520"]
[EventDate "2014.08.02"]

1. Nf3 Nf6 2. c4 e6 3. g3 b6 4. Bg2 Bb7 5. d4 Be7 6. O-O O-O 7. d5 exd5 8. Nh4
c6 9. cxd5 Nxd5 10. Nf5 Nc7 11. Nc3 d5 12. e4 Bf6 13. exd5 Nxd5 14. Nxd5 cxd5
15. Ne3 Nd7 16. Nxd5 Nc5 17. Re1 Rc8 18. Rb1 Bxd5 19. Bxd5 Qd7 20. Qf3 Rfd8 21.
Rd1 Qe7 22. Bf4 Na4 23. Rd2 Nc5 24. Rbd1 a5 25. h4 Rd7 26. Re2 Qf8 27. Rde1 Rcd8
28. Bc6 Rd3 29. Qg4 Ne6 30. Qf5 Qc5 31. Be4 Qxf5 32. Bxf5 Rd1 33. Bxe6 fxe6 34.
b3 Kf7 35. Rxe6 Rxe1+ 36. Rxe1 Rd5 37. Be3 b5 38. Rc1 a4 39. bxa4 bxa4 40. Rc7+
Kg6 41. Ra7 Bd4 42. Ra6+ Kh5 43. Bf4 Kg4 44. Kg2 1-0

[Event "Olimpiade 2014 - Open"]
[Site "Tromsø"]
[Date "12.08.2014"]
[Round "10.39"]
[Board "1"]
[White "Garcia, Ricardo NCA"]
[Black "Baules, Jorge"]
[Result "1/2-1/2"]
[WhiteTitle "FM"]
[BlackTitle "IM"]
[WhiteElo "2215"]
[BlackElo "2317"]
[WhiteTeam "Nicaragua"]
[BlackTeam "Panama"]
[WhiteFideId "6104347"]
[BlackFideId "6600247"]
[EventDate "2014.08.02"]

1. d4 Nf6 2. c4 g6 3. Nc3 Bg7 4. e4 d6 5. Nf3 O-O 6. Be2 e5 7. O-O Na6 8. Be3
Ng4 9. Bg5 Qe8 10. h3 h6 11. Bh4 Nf6 12. dxe5 dxe5 13. Nd5 g5 14. Nxf6+ Bxf6 15.
Bg3 Qe7 16. a3 Nc5 17. Qc2 Ne6 18. Rad1 Nf4 19. Bxf4 exf4 20. Nd4 Rd8 21. Nf5
Bxf5 22. exf5 Rxd1 23. Rxd1 Rd8 24. Rxd8+ Qxd8 25. b3 Qd4 26. a4 a5 27. Bf3 b6
28. Qe4 Kf8 29. Qa8+ Kg7 30. Qe8 Qa1+ 31. Kh2 Qe5 32. Qd7 Qe7 1/2-1/2

[Event "Olimpiade 2014 - Open"]
[Site "Tromsø"]
[Date "12.08.2014"]
[Round "10.39"]
[Board "2"]
[White "Aizpurua, Patrick"]
[Black "Ortiz, Marcos"]
[Result "1-0"]
[WhiteTitle "FM"]
[WhiteElo "2172"]
[BlackElo "2214"]
[WhiteTeam "Panama"]
[BlackTeam "Nicaragua"]
[WhiteFideId "6600522"]
[BlackFideId "6100678"]
[EventDate "2014.08.02"]

1. Nf3 Nf6 2. g3 g6 3. b3 Bg7 4. Bb2 c5 5. Bg2 Nc6 6. d4 Ne4 7. O-O d5 8. e3 O-O
9. Qc1 cxd4 10. Nxd4 e5 11. Nxc6 bxc6 12. c4 Be6 13. Na3 f5 14. f3 Ng5 15. f4
Nf7 16. Re1 Rc8 17. Qc2 Qa5 18. Rad1 Rfd8 19. cxd5 cxd5 20. Qd2 Qa6 21. Qe2 Qa5
22. Qd2 Qxd2 23. Rxd2 Bf8 24. Nc2 d4 25. exd4 e4 26. Red1 a5 27. Ne3 Bb4 28. Rc2
Nd6 29. Bf1 a4 30. d5 Bd7 31. Rdc1 a3 32. Bd4 Rxc2 33. Rxc2 Bb5 34. Bc5 Ba5 35.
Bxd6 Bxf1 36. Be7 Rd7 37. Kxf1 Rxe7 38. Rc8+ Kf7 39. Nc4 Bb4 40. d6 Rd7 41. Ne5+
Ke6 42. Nxd7 Kxd7 43. Rc7+ Kxd6 44. Rxh7 Kd5 45. Rd7+ Kc5 46. Ke2 Bc3 47. Rc7+ 1-0

[Event "Olimpiade 2014 - Open"]
[Site "Tromsø"]
[Date "12.08.2014"]
[Round "10.39"]
[Board "3"]
[White "Madrigal, Mariano"]
[Black "Esquivel Golcher, Luis"]
[Result "1/2-1/2"]
[WhiteTitle "IM"]
[BlackTitle "FM"]
[WhiteElo "2156"]
[BlackElo "2173"]
[WhiteTeam "Nicaragua"]
[BlackTeam "Panama"]
[WhiteFideId "6100961"]
[BlackFideId "6600174"]
[EventDate "2014.08.02"]

1. e4 e6 2. d4 d5 3. Nc3 dxe4 4. Nxe4 Bd7 5. c4 Bc6 6. Nc3 Nf6 7. Nf3 Bxf3 8.
Qxf3 c6 9. Be3 Bb4 10. Be2 O-O 11. O-O Nbd7 12. Ne4 Nxe4 13. Qxe4 Nf6 14. Qc2
Qc7 15. Bf3 Bd6 16. h3 Bh2+ 17. Kh1 Bf4 18. Rad1 Rad8 19. Qd2 Bxe3 20. Qxe3 Rd7
21. Rd2 Rfd8 22. Rfd1 h6 23. Kg1 Rd6 24. b3 Qa5 25. a4 Qb4 26. Rd3 R6d7 27. Qe5
a6 28. Kh1 Qd6 29. Qe3 Qb4 30. Qe5 Qd6 31. Qe3 Qb4 1/2-1/2

[Event "Olimpiade 2014 - Open"]
[Site "Tromsø"]
[Date "12.08.2014"]
[Round "10.39"]
[Board "4"]
[White "Fuentes, Adrian"]
[Black "Medrano, Randall"]
[Result "1/2-1/2"]
[BlackTitle "FM"]
[WhiteElo "2105"]
[BlackElo "2116"]
[WhiteTeam "Panama"]
[BlackTeam "Nicaragua"]
[WhiteFideId "6600875"]
[BlackFideId "6100970"]
[EventDate "2014.08.02"]

1. e4 e5 2. Nf3 Nc6 3. Bb5 a6 4. Ba4 Nf6 5. d3 b5 6. Bb3 Be7 7. O-O O-O 8. Nc3
d6 9. h3 Na5 10. Nd5 Nxb3 11. Nxe7+ Qxe7 12. axb3 c5 13. Bg5 h6 14. Bd2 Nh7 15.
Re1 Bb7 16. b4 f5 17. bxc5 dxc5 18. exf5 Rxf5 19. Nh2 Raf8 20. Be3 Qc7 21. Nf1
Qc6 22. Qg4 h5 23. Qe4 Qc7 24. Qh4 Qc6 25. Qe4 Qc7 26. Qh4 Qc6 27. Qe4 Qc7 28.
Qh4 Qc6 1/2-1/2

[Event "Olimpiade 2014 - Open"]
[Site "Tromsø"]
[Date "12.08.2014"]
[Round "10.40"]
[Board "1"]
[White "Gonzalez Acosta, Bernal"]
[Black "Vasquez Schroeder, Rodrigo"]
[Result "1-0"]
[WhiteTitle "IM"]
[BlackTitle "GM"]
[WhiteElo "2469"]
[BlackElo "2533"]
[WhiteTeam "Costa Rica"]
[BlackTeam "Chile"]
[WhiteFideId "6500170"]
[BlackFideId "3400042"]
[EventDate "2014.08.02"]

1. d4 Nf6 2. c4 b6 3. f3 Nc6 4. Nc3 e5 5. d5 Ne7 6. e4 Ng6 7. Be3 Bc5 8. Qd2 d6
9. Nge2 Bd7 10. Nc1 Qe7 11. Nd3 O-O 12. Nxc5 bxc5 13. O-O-O Rfb8 14. h4 Nh5 15.
Qf2 Rb4 16. g4 Nhf4 17. h5 Nh8 18. Qh2 Rab8 19. Rd2 f6 20. Bxf4 exf4 21. Qxf4
Nf7 22. Nd1 Ne5 23. Ne3 Nf7 24. Bd3 Qe5 25. Qxe5 fxe5 26. Be2 Ng5 27. Rg1 a5 28.
Rg3 g6 29. h6 Kf7 30. Bd1 Ke7 31. b3 Rf8 32. Rd3 Kf6 33. Rd2 Nf7 34. Rf2 Rbb8
35. Bc2 Kg5 36. Rh3 a4 37. Ng2 axb3 38. axb3 Ra8 39. Kb2 Rad8 40. Ne1 Ra8 41.
Nd3 Nh8 42. Rh1 Nf7 43. Bd1 Rae8 44. Kc3 Ra8 45. Kb2 Rfe8 46. Bc2 Re7 47. Bd1
Rf8 48. Rfh2 Ra8 49. Rf2 Ree8 50. Bc2 Rf8 51. Bd1 Kf6 52. Rg1 Ng5 53. f4 exf4
54. Rxf4+ Ke7 55. Rxf8 Rxf8 56. e5 dxe5 57. Re1 Kd6 58. b4 Rb8 59. Bb3 Nf3 60.
bxc5+ Ke7 61. Re3 Bxg4 62. Nxe5 Nxe5 63. Rxe5+ Kf6 64. Re1 Bf5 65. Kc3 g5 66. d6
Rd8 67. Rf1 Ke5 68. Re1+ Kf6 69. dxc7 Rc8 70. c6 Rxc7 71. Ba4 g4 72. Kd4 Kg5 73.
Kc5 Ra7 74. Bb5 g3 75. Kb6 Rf7 76. c7 Rf6+ 77. Kc5 Rf7 78. Kd6 Rf6+ 79. Ke7 g2
80. Bd7 Bxd7 81. Kxd7 Rf1 82. c8=Q Rxe1 83. Qg8+ 1-0